00586nam a2200169Ia 4500008004000000020001800040082001800058100002500076245004000101260003000141300001200171650002700183690001900210906001200229999001900241952015600260210210b1996 xxu||||| |||| 00| 0 eng d a81 250 0855 1 a306.0954 BOSS aBOSE (Nirmal Kumar). aStructure of Hindu Society. Rev ed. aN DbOrient Longmanc1996 axiv,196 aIndian Hindu Society  aIndian Society aSG03608 c114425d114425 001040708SociologyaALbALcSociologyd2021-02-17eSita Book House, Mangalore.g0.00l0o306.0954 BOSSpSG03608r2021-02-17 00:00:00w2021-02-17ySG